[Event "IRQ-ch"]
[Site "Baghdad"]
[Date "2021.10.30"]
[Round "4"]
[White "Noori, Sabah Nori"]
[Black "Abdulwahhab, Ahmed Abdulsattar"]
[Result "0-1"]
[WhiteElo "1943"]
[BlackElo "2208"]
[PlyCount "108"]
[EventDate "2021.10.28"]
[EventType "tourn"]
[EventRounds "9"]
[EventCountry "IRQ"]
[SourceTitle "EXT 2023"]
[Source "ChessBase"]
[SourceDate "2022.10.05"]
[SourceVersion "1"]
[SourceVersionDate "2022.10.05"]
[SourceQuality "1"]

1. d4 Nf6 2. Nf3 g6 3. Bg5 Bg7 4. Bxf6 Bxf6 5. e4 d6 6. Bc4 Nc6 7. c3 e5 8. h3 0-0 9. 0-0 Bg7 10. dxe5 dxe5 11. Qxd8 Nxd8 12. Na3 Be6 13. Rad1 Re8 14. Bxe6 Nxe6 15. Rd7 Rac8 16. b4 a5 17. Nb5 axb4 18. cxb4 Red8 19. Rfd1 Rxd7 20. Rxd7 Kf8 21. g3 Ke8 22. Rd2 f6 23. h4 Bf8 24. a3 Ra8 25. Kf1 c6 26. Nd6+ Bxd6 27. Rxd6 Nc7 28. Nd2 Ke7 29. Nc4 Rxa3 30. Nxa3 Kxd6 31. Ke2 b5 32. Kd3 c5 33. Kc3 Kc6 34. Nc2 Na6 35. bxc5 Kxc5 36. Ne3 b4+ 37. Kd3 Kb5 38. f3 Nc5+ 39. Kc2 Ne6 40. Ng4 Nd4+ 41. Kb2 Nxf3 42. Nxf6 h5 43. g4 hxg4 44. Nxg4 Kc4 45. Kc2 Kd4 46. Nf6 Nxh4 47. Kb3 Nf3 48. Kxb4 Nd2 49. Kb5 Nxe4 50. Ng4 Ng5 51. Kc6 e4 52. Kd6 e3 53. Nxe3 Kxe3 54. Ke5 Nf3+ 0-1

[Event "Baghdad op 5th"]
[Site "Baghdad"]
[Date "2017.03.19"]
[Round "7"]
[White "Noori, Sabah Nori"]
[Black "Ahmed, Qutayba Yunis"]
[Result "1/2-1/2"]
[WhiteElo "2070"]
[BlackElo "1962"]
[PlyCount "60"]
[EventDate "2017.03.16"]
[EventType "swiss"]
[EventRounds "9"]
[EventCountry "IRQ"]
[SourceTitle "CBM 177 Extra"]
[Source "ChessBase"]
[SourceDate "2017.04.27"]
[SourceVersion "1"]
[SourceVersionDate "2017.04.27"]
[SourceQuality "1"]

1. e4 e5 2. Nc3 Nc6 3. Bc4 Nf6 4. d3 d6 5. Bg5 Be7 6. h3 h6 7. Bxf6 Bxf6 8. Nf3 0-0 9. Nd5 Be6 10. 0-0 a6 11. Nxf6+ Qxf6 12. Bb3 Kh8 13. Kh1 Bxb3 14. axb3 Ne7 15. Nh2 Ng6 16. Qf3 Qf4 17. g3 Qxf3+ 18. Nxf3 Rae8 19. Nd2 f5 20. f3 fxe4 21. fxe4 Kg8 22. Kg2 Rxf1 23. Rxf1 Rf8 24. Rxf8+ Kxf8 25. Nf3 Ke7 26. Kf2 Ke6 27. Ke3 b6 28. Nd2 Ne7 29. Nf3 Ng6 30. Nd2 Ne7 1/2-1/2

[Event "Arab-ch U18"]
[Site "Djerba"]
[Date "2016.07.26"]
[Round "5.1"]
[White "Ouaret, Abdelouhab"]
[Black "Noori, Sabah Nori"]
[Result "1/2-1/2"]
[WhiteElo "2121"]
[BlackElo "1943"]
[PlyCount "36"]
[EventDate "2016.07.23"]
[EventType "swiss"]
[EventRounds "9"]
[EventCountry "TUN"]
[SourceTitle "EXT 2024"]
[Source "ChessBase"]
[SourceDate "2023.10.10"]
[SourceVersion "1"]
[SourceVersionDate "2023.10.10"]
[SourceQuality "1"]

1. Nf3 d5 2. g3 Bg4 3. Bg2 Nd7 4. c4 e6 5. 0-0 c6 6. d3 Bd6 7. Nbd2 Ngf6 8. b3 0-0 9. Bb2 Qe7 10. h3 Bh5 11. g4 Bg6 12. Re1 h6 13. e4 dxe4 14. dxe4 e5 15. Nh4 Nc5 16. Qc2 Ne6 17. Nf5 Bxf5 18. exf5 Nf4 1/2-1/2

[Event "Wch U14"]
[Site "Al Ain"]
[Date "2013.12.27"]
[Round "10"]
[White "Noori, Sabah Nori"]
[Black "Kovalevsky, Stanislav"]
[Result "0-1"]
[WhiteElo "1742"]
[BlackElo "1856"]
[PlyCount "48"]
[EventDate "2013.12.18"]
[EventType "swiss"]
[EventRounds "11"]
[EventCountry "UAE"]
[SourceTitle "CBM 158 Extra"]
[Source "ChessBase"]
[SourceDate "2014.02.28"]
[SourceVersion "1"]
[SourceVersionDate "2014.02.28"]
[SourceQuality "1"]

1. d4 Nf6 2. Nf3 c5 3. e3 d5 4. c3 e6 5. Bd3 Nc6 6. Nbd2 Bd6 7. 0-0 0-0 8. Qe2 cxd4 9. exd4 Re8 10. Ne5 Bxe5 11. dxe5 Nd7 12. f4 Nc5 13. Bb1 a5 14. Nf3 b6 15. Nd4 Nxd4 16. cxd4 Ba6 17. Qf2 Bxf1 18. Kxf1 Ne4 19. Qe3 Qh4 20. Kg1 Rac8 21. Bxe4 dxe4 22. Qxe4 Rc2 23. Be3 Re2 24. Qf3 Re1+ 0-1

[Event "World ol U16 11th"]
[Site "Istanbul"]
[Date "2012.09.05"]
[Round "10.16"]
[White "Noori, Sabah Nori"]
[Black "Chau, Bernard"]
[Result "0-1"]
[WhiteElo "1847"]
[BlackElo "1985"]
[PlyCount "66"]
[EventDate "2012.08.29"]
[EventType "team-swiss"]
[EventRounds "10"]
[EventCountry "TUR"]
[SourceTitle "CBM 150 Extra"]
[Source "ChessBase"]
[SourceDate "2012.10.19"]
[SourceVersion "1"]
[SourceVersionDate "2012.10.19"]
[SourceQuality "1"]
[WhiteTeam "Iraq (U16)"]
[BlackTeam "Australia (U16) III"]
[WhiteTeamCountry "IRQ"]
[BlackTeamCountry "AUS"]

1. d4 c5 2. e3 g6 3. Nf3 Bg7 4. c3 d5 5. Bd3 Nc6 6. Nbd2 Nf6 7. 0-0 0-0 8. Re1 Re8 9. Ne5 Nxe5 10. dxe5 Nd7 11. f4 f6 12. exf6 exf6 13. e4 Qb6 14. Kh1 dxe4 15. Nxe4 Qc6 16. Ng3 Rxe1+ 17. Qxe1 Nb6 18. Be3 f5 19. Rd1 Be6 20. Bxc5 Na4 21. Ba3 Re8 22. Qf2 Bxa2 23. Qf1 a6 24. Ne2 Bb3 25. Rd2 Nc5 26. Nc1 Nxd3 27. Nxd3 Qb5 28. h3 Re3 29. Bc5 Rxd3 30. Qxd3 Qxc5 31. Qd7 Qc6 32. Qd8+ Bf8 33. Rd6 Qxd6 0-1

[Event "World ol U16 11th"]
[Site "Istanbul"]
[Date "2012.09.04"]
[Round "9.18"]
[White "Ayan, Bengu Sena"]
[Black "Noori, Sabah Nori"]
[Result "1/2-1/2"]
[WhiteElo "1475"]
[BlackElo "1847"]
[PlyCount "45"]
[EventDate "2012.08.29"]
[EventType "team-swiss"]
[EventRounds "10"]
[EventCountry "TUR"]
[SourceTitle "CBM 150 Extra"]
[Source "ChessBase"]
[SourceDate "2012.10.19"]
[SourceVersion "1"]
[SourceVersionDate "2012.10.19"]
[SourceQuality "1"]
[WhiteTeam "Turkey White U16 Girls"]
[BlackTeam "Iraq (U16)"]
[WhiteTeamCountry "TUR"]
[BlackTeamCountry "IRQ"]

1. d4 d5 2. c4 e6 3. Nc3 Nf6 4. Bg5 Nbd7 5. e3 c6 6. cxd5 exd5 7. Bd3 Bd6 8. Nf3 0-0 9. 0-0 h6 10. Bh4 Re8 11. Rc1 Nb6 12. b3 Bg4 13. Be2 Ba3 14. Rc2 Bxf3 15. Bxf3 Be7 16. Bg3 Nh7 17. Qd3 Bd6 18. Bxd6 Qxd6 19. Ne2 Ng5 20. Bg4 Ne4 21. Nc3 Nd7 22. Nxe4 dxe4 23. Qe2 1/2-1/2

[Event "World ol U16 11th"]
[Site "Istanbul"]
[Date "2012.09.01"]
[Round "6.17"]
[White "Abdulla, Murad"]
[Black "Noori, Sabah Nori"]
[Result "1-0"]
[WhiteElo "1812"]
[BlackElo "1847"]
[PlyCount "48"]
[EventDate "2012.08.29"]
[EventType "team-swiss"]
[EventRounds "10"]
[EventCountry "TUR"]
[SourceTitle "CBM 150 Extra"]
[Source "ChessBase"]
[SourceDate "2012.10.19"]
[SourceVersion "1"]
[SourceVersionDate "2012.10.19"]
[SourceQuality "1"]
[WhiteTeam "Scotland (U16)"]
[BlackTeam "Iraq (U16)"]
[WhiteTeamCountry "SCO"]
[BlackTeamCountry "IRQ"]

1. e4 e5 2. Nf3 Nc6 3. d4 exd4 4. Bc4 Bb4+ 5. c3 dxc3 6. bxc3 Be7 7. Qd5 Nh6 8. Bxh6 Rf8 9. Bxg7 Bd6 10. Bxf8 Qf6 11. Bxd6 cxd6 12. 0-0 Ne7 13. Qg5 Qg6 14. Qxg6 fxg6 15. Na3 a6 16. Rad1 b5 17. Bb3 Bb7 18. Rxd6 Bxe4 19. Re1 Bf5 20. h3 h5 21. Nh4 Kf8 22. Nxf5 Nxf5 23. Rxg6 Ne7 24. Rf6+ Ke8 1-0